00462nam a2200157Ia 4500008004100000020001500041082001600056100001600072245005700088250000700145260003400152300002800186500001900214600002100233650005000254240925s9999 xx 000 0 und d a8176351466 a005.133 THA aThayer, ROB 0aVisual Basic 6: unleashed the comprehensive solution aNA aNew Delhi:bTechmediac,1998. axxi,611p.bNAfOriginal aIncludes Index aComputer Science aComputer science, information & general works